5HLuxD.jpg

KING HENRY VIII SENIOR AND PRIMARY SCHOOL LIBRARY OPAC

LITTLE MONSTER (Record no. 4094)

000 -LEADER
fixed length control field 00279nam a22001097a 4500
008 - FIXED-LENGTH DATA ELEMENTS--GENERAL INFORMATION
fixed length control field 250117b ||||| |||| 00| 0 eng d
020 ## - INTERNATIONAL STANDARD BOOK NUMBER
International Standard Book Number ENES02SBE1
082 ## - DEWEY DECIMAL CLASSIFICATION NUMBER
Classification number 821.914
100 ## - MAIN ENTRY--PERSONAL NAME
Personal name SUE BEHRENT
Relator term BEHRENT,SUE
245 ## - TITLE STATEMENT
Title LITTLE MONSTER
942 ## - ADDED ENTRY ELEMENTS (KOHA)
Source of classification or shelving scheme
Classification part 821.914

No items available.

Powered By KH8 IT Dept